MARC

LEADER 00000nam0a2200000 4500
001 27481
005 20231101205810.0
010 |a 5868944755 
035 |a (RuTPU)RU\TPU\book\27732 
035 |a BOOK00027807 
090 |a 27481 
100 |a 20011209d2001 m y0rusy50 ca 
101 0 |a rus 
102 |a RU 
105 |a y j 001zy 
200 1 |a Индивидуальный бизнес  |e Практическое пособие  |f В. В. Волгин 
210 |a Москва  |c Ось-89  |d 2001 
215 |a 432 с. 
320 |a Библиогр.: с. 430-431. 
606 1 |a Малое предпринимательство  |2 stltpush  |3 (RuTPU)RU\TPU\subj\36375  |9 57780 
610 1 |a экономика 
610 1 |a бизнес 
610 1 |a индивидуальный бизнес 
610 1 |a малый бизнес 
610 1 |a предпринимательство 
610 1 |a управление 
610 1 |a делопроизводство 
610 1 |a персонал 
610 1 |a торговые операции 
610 1 |a складские операции 
610 1 |a маркетинг 
610 1 |a реклама 
610 1 |a защита интересов 
610 1 |a договоры 
610 1 |a образцы 
610 1 |a учебные пособия 
686 |a У9(2)292я7  |v LBC/SL-A  |2 rubbk 
700 1 |a Волгин  |b В. В.  |g Владислав Васильевич 
801 0 |a RU  |b 63413507  |c 20011209  |g PSBO 
801 2 |a RU  |b 63413507  |c 20211028  |g PSBO 
942 |c BK